Or des Scythes : tresors des musees sovietiques /

محفوظ في:

المؤلف الرئيسي: Schiltz, Veronique

التنسيق: كتاب

اللغة: Undetermined

منشور في: Paris : Secretariat d'Etat a la culture, 1975.

الموضوعات:

الوسوم: إضافة وسم

لا توجد وسوم, كن أول من يضع وسما على هذه التسجيلة!

رقم الطلب: N5899 .S3 O7

LEADER 00611nam a2200157Ia 4500
008 220401s9999||||xx |||||||||||||| ||und||
050 4 |a N5899 .S3 O7 
100 1 |a Schiltz, Veronique 
245 1 0 |a Or des Scythes :  |b tresors des musees sovietiques /  |c Veronique Schiltz. 
264 1 |a Paris :  |b Secretariat d'Etat a la culture,  |c 1975. 
300 |a 225p. :  |b ill. (some col.) ;  |c 29cm. 
500 |a bibliography. 
650 1 4 |a Art, Scythian Exhibitions. 
942 |2 lcc  |c BK 
952 |0 0  |1 0  |2 lcc  |4 0  |6 N5899 S3 O7  |7 1  |9 39226  |a ARCE  |b ARCE  |d 2022-04-01  |l 0  |o N5899 .S3 O7  |p 1004696  |r 2022-04-01 00:00:00  |w 2022-04-01  |y BK 
999 |c 46807  |d 46807